| 000 | 02568cam a22003371i 4500 | ||
|---|---|---|---|
| 003 | SA-RiAUC | ||
| 005 | 20260114132635.0 | ||
| 008 | 260101s1955 ua g 000 0 ara c | ||
| 040 |
_aEG-CaDAJ _bara _cSA-RiAUC _erda |
||
| 043 | _aa-su--- | ||
| 050 | 4 | _bY37 1955 | |
| 082 | 0 | 4 |
_a811.0093821 _qSA-RiAUC |
| 090 |
_aم ن 811.0093821 ي ع ر _bي ع ر |
||
| 100 | 1 |
_aاليعربي، محمد محمد توفيق، _d1910-1989 _eمؤلف. |
|
| 245 | 1 | 2 |
_aالمعلقة الإسلامية في تاريخ الكعبة والمسجد الحرام / _cمحمد محمد توفيق ؛ شرح محمد أمين التميمي. |
| 250 | _aالطبعة الأولى. | ||
| 264 | 1 |
_a[مكان النشر غير محدد] : _bمحمد محمد توفيق : _bمحمد أمين التميمي، _c1955 |
|
| 264 | 3 |
_aالقاهرة : _bمطبعة السعادة |
|
| 300 |
_a239 صفحة ؛ _c24 سم |
||
| 336 |
_aنص _btxt _2rdacontent _3كتاب |
||
| 337 |
_aبدون وسيط _bn _2rdamedia |
||
| 338 |
_aمجلد _bnc _2rdacarrier |
||
| 610 | 2 | 7 |
_aالمسجد الحرام _xفي الأدب _2aucnm |
| 650 | 7 |
_aالكعبة في الأدب _2aucsh |
|
| 650 | 7 |
_aالشعر العربي الإسلامي _xتاريخ ونقد _2aucsh |
|
| 700 | 1 |
_aالتميمي، محمد أمين، _d1328 هجري- _eشارح. |
|
| 856 |
_uhttp://dlib.nyu.edu/aco/book/nyu_aco000313/1?lang=ar _yDigital Copy _2 نرجو الانتباه لإمكانية وجود اختلاف في الطبعة أو الناشر بين البيانات على البوابة وما ستجده على الكتاب نظرا لمحدودية المعلومات المتاحة على الموقع الناشر للمادة. _3Please note that there may be a difference in the edition or publisher between the data on the portal and the book due to the limited information available on the publisher website for the material. |
||
| 856 |
_uhttp://dlib.nyu.edu/files/books/nyu_aco000313_n000001_s.jpg _yCoverImage _2 نرجو الانتباه لإمكانية وجود اختلاف في الطبعة أو الناشر بين البيانات على البوابة وما ستجده على الكتاب نظرا لمحدودية المعلومات المتاحة على الموقع الناشر للمادة. _3Please note that there may be a difference in the edition or publisher between the data on the portal and the book due to the limited information available on the publisher website for the material. |
||
| 942 |
_2ddc _cRBOOK COPY _n0 |
||
| 949 |
_aSA-JeALM _d260101 _umohamedma123 _n1 |
||
| 999 |
_c14059 _d14059 |
||